| 000 | 02747cab a2200325 a 4500 | ||
|---|---|---|---|
| 005 | 20221124063827.0 | ||
| 008 | 991125c2020 ag zr p o 000 0 spa d | ||
| 035 | _aUPN01000235720 | ||
| 040 |
_aMX-MxUPN _bspa _eaacr2 |
||
| 049 | _aART-E | ||
| 100 | 1 | _aBarreyro, Juan Pablo | |
| 100 | 1 | _aFormoso, Jesica | |
| 100 | 1 | _aAlvarez Drexler, Andrea | |
| 100 | 1 | _aLeiman, Marina | |
| 100 | 1 | _aFernández, Rocio | |
| 100 | 1 | _aCalero, Alejandra | |
| 245 | 0 | 0 |
_aComprensión de narraciones en niños de 5 y 6 años: Efectos de la memoria de trabajo verbal y la atención sostenida _h[recurso electrónico en línea] |
| 506 | 0 | _aAcceso abierto | |
| 520 | 3 | _aComprender un texto es una actividad cognitiva compleja que implica la construcción de una representación mental coherente en la memoria. Un proceso importante para ello es la generación de inferencias. La memoria de trabajo ha mostrado ser un factor cognitivo importante para explicar las diferencias en comprensión e inferencias, al igual que la capacidad de sostener la atención. El propósito del presente trabajo consiste en estudiar la relación entre la memoria de trabajo y la atención sostenida en la comprensión de narraciones en niños de 5 y 6 años. Para ello, se trabajó con una muestra de 100 niños, quienes escucharon tres textos narrativos y respondieron preguntas acerca de su contenido literal e inferencial, y además realizaron dos pruebas de memoria de trabajo y una de atención sostenida. Los resultados indican que los niños de 6 años muestran desempeños mejores y significativos en la comprensión de información literal y en la respuesta a preguntas de inferencia que los niños de 5 años. Además, el análisis de correlación mostró que las medidas de comprensión se hallan vinculadas a medidas de atención sostenida y a medidas de memoria de trabajo. El análisis de senderos sugiere que, en niños de 5 y 6 años, las mejoras logradas en la comprensión general como producto de la edad están mediadas, en parte, por la capacidad del niño para mantener la atención en la narración y almacenar temporalmente la información recibida en la memoria de trabajo mientras la escucha. | |
| 650 | 2 |
_aComprensión _97541 |
|
| 650 | 2 |
_aNiños _918906 |
|
| 653 | 0 | _aNarrativa | |
| 653 | 0 | _aMemoria de trabajo | |
| 653 | 0 | _aAtención sostenida | |
| 773 |
_gVol. 37, no. 1 (2020) p. 259-273 _tInterdisciplinaria : revista de psicología y ciencias afines _x1668-7027 |
||
| 856 | 4 | 0 | _uhttp://www.ciipme-conicet.gov.ar/ojs/index.php?journal=interdisciplinaria&page=article&op=view&path%5B%5D=407&path%5B%5D=html |
| 856 | 4 | 0 |
_uhttps://doi.org/10.16888/interd.2020.37.1.16 _zConsultar articulo completo |
| 905 | _aArticulo | ||
| 942 | _cART-E | ||
| 999 |
_c207815 _d207815 |
||